La papesse Jeanne : (Record no. 163431)

MARC details
000 -LEADER
campo de control de longitud fija 00986nam a22002055i 4500
001 - NÚMERO DE CONTROL
campo de control 163431
003 - IDENTIFICADOR DE NÚMERO DE CONTROL
campo de control ES-MaACL
005 - FECHA Y HORA DE LA ÚLTIMA TRANSACCIÓN
campo de control 20250929063238.0
008 - DATOS DE LONGITUD FIJA--INFORMACIÓN GENERAL
campo de control de longitud fija 050727s1881 fr | |||||||| ||fre d
080 ## - NÚMERO DE LA CLASIFICACIÓN DECIMAL UNIVERSAL
Número de la Clasificación Decimal Universal 877.4-31"18"
100 1# - ENTRADA PRINCIPAL--NOMBRE DE PERSONA
Nombre de persona Rhoides, Emmanouel,
Fechas asociadas al nombre 1836-1904
9 (RLIN) 172897
245 13 - MENCIÓN DEL TÍTULO
Título La papesse Jeanne :
Resto del título roman historique précédé d'une étude historiqué, accompagné de nombreusses notes /
Mención de responsabilidad, etc. Emmanuel Rhoïdis.
250 ## - MENCION DE EDICION
Mención de edición 7e. éd.
Resto de la mención de edición rev. et augm. d'une étude critique par Barbey d'Aurevilly.
260 ## - PUBLICACIÓN, DISTRIBUCIÓN, ETC.
Lugar de publicación, distribución, etc. Paris :
Nombre del editor, distribuidor, etc. Maurice Dreyfous,
Fecha de publicación, distribución, etc. 1881 (
Fabricante Imp. E. Capiomont et V. Renault)
300 ## - DESCRIPCIÓN FÍSICA
Extensión XXVIII, XI, 347 p., [4] h. de lám. ;
Dimensiones 19 cm.
599 ## - NOTA A LAS ILUSTRACIONES
NOTA A LAS ILUSTRACIONES Lám.: retr. de la papisa Juana, heliografía: "Heliog. Dujardin" ; retr. del autor ; reprod. de textos griegos y de carta ms. del autor.
650 #4 - PUNTO DE ACCESO ADICIONAL DE MATERIA--TÉRMINO DE MATERIA
Término de materia o nombre geográfico como elemento de entrada Juana, Papisa (Personaje de ficción)
9 (RLIN) 13965
852 ## - LOCALIZACIÓN
Ubicación ES-MaACL
Número de control de estantería D-2661
Nota libre - Enc. hol.
-- - Legado Modesto de la Fuente
Holdings
Estatus retirado Estado de pérdida Estado de daño No para préstamo Colección Biblioteca de origen Biblioteca actual Ubicación en estantería Fecha de adquisición Fuente de adquisición Total de préstamos Signatura topográfica completa Código de barras Visto por última vez Precio de reemplazo Tipo de ítem Koha
        Libros del s. XIX Biblioteca del Ateneo de Madrid Biblioteca del Ateneo de Madrid Sala Valle Inclán 17/01/2008     D-2661 901171260 23/02/2023 23/02/2023 Libro impreso antiguo